MARC details
| 000 -LEADER |
| campo de control de longitud fija |
01098nam a2200313Ia 4500 |
| 003 - IDENTIFICADOR DE NÚMERO DE CONTROL |
| campo de control |
OSt |
| 005 - FECHA Y HORA DE LA ÚLTIMA TRANSACCIÓN |
| campo de control |
20250530175218.0 |
| 008 - DATOS DE LONGITUD FIJA--INFORMACIÓN GENERAL |
| campo de control de longitud fija |
130821s2007 ck gr spa |
| 020 ## - NÚMERO INTERNACIONAL ESTÁNDAR DEL LIBRO |
| Número Internacional Estándar del Libro |
9789587955651 |
| 040 ## - FUENTE DE CATALOGACIÓN |
| Centro catalogador/agencia de origen |
CO-UDECOLOMBIA |
| Lengua de catalogación |
spa |
| Centro/agencia transcriptor |
CO-UDECOLOMBIA |
| Centro/agencia modificador |
CO-UDECOLOMBIA |
| 041 00 - CÓDIGO DE IDIOMA |
| Código de lengua del texto/banda sonora o título independiente |
spa |
| 082 04 - NÚMERO DE LA CLASIFICACIÓN DECIMAL DEWEY |
| Número de clasificación |
344.3 |
| Número de ítem |
C718 |
| 100 1# - ENTRADA PRINCIPAL--NOMBRE DE PERSONA |
| Nombre de persona |
Prieto Barrios, Jorge |
| 9 (RLIN) |
41710 |
| 110 2# - ENTRADA PRINCIPAL--NOMBRE DE ENTIDAD CORPORATIVA |
| Nombre de entidad corporativa o nombre de jurisdicción como elemento de entrada |
Colombia |
| 9 (RLIN) |
1628 |
| 245 10 - MENCIÓN DEL TÍTULO |
| Título |
Estatuto tributario / |
| Mención de responsabilidad, etc. |
Colombia, Jorge Prieto Barrios. |
| 250 ## - MENCION DE EDICION |
| Mención de edición |
9a. Ed |
| 260 ## - PUBLICACIÓN, DISTRIBUCIÓN, ETC. |
| Lugar de publicación, distribución, etc. |
Bogotá (Colombia) : |
| Nombre del editor, distribuidor, etc. |
Leyer, |
| Fecha de publicación, distribución, etc. |
2025. |
| 300 ## - DESCRIPCIÓN FÍSICA |
| Extensión |
lvi, 962 Páginas |
| 504 ## - NOTA DE BIBLIOGRAFÍA, ETC. |
| Nota de bibliografía, etc. Nota |
Incluye referencias bibliográficas e índices. |
| 650 04 - PUNTO DE ACCESO ADICIONAL DE MATERIA--TÉRMINO DE MATERIA |
| Término de materia o nombre geográfico como elemento de entrada |
Derecho tributario |
| Subdivisión geográfica |
Colombia |
| 9 (RLIN) |
38466 |
| 650 04 - PUNTO DE ACCESO ADICIONAL DE MATERIA--TÉRMINO DE MATERIA |
| Término de materia o nombre geográfico como elemento de entrada |
Impuestos |
| Subdivisión general |
Legislación |
| Subdivisión geográfica |
Colombia |
| 9 (RLIN) |
33543 |
| 650 04 - PUNTO DE ACCESO ADICIONAL DE MATERIA--TÉRMINO DE MATERIA |
| Término de materia o nombre geográfico como elemento de entrada |
Política fiscal |
| Subdivisión geográfica |
Colombia |
| 9 (RLIN) |
27925 |
| 650 04 - PUNTO DE ACCESO ADICIONAL DE MATERIA--TÉRMINO DE MATERIA |
| Término de materia o nombre geográfico como elemento de entrada |
Derecho tributario |
| Subdivisión geográfica |
Colombia |
| 9 (RLIN) |
38466 |
| 650 04 - PUNTO DE ACCESO ADICIONAL DE MATERIA--TÉRMINO DE MATERIA |
| Término de materia o nombre geográfico como elemento de entrada |
Legislación fiscal |
| Subdivisión geográfica |
Colombia |
| 9 (RLIN) |
185525 |
| 650 04 - PUNTO DE ACCESO ADICIONAL DE MATERIA--TÉRMINO DE MATERIA |
| Término de materia o nombre geográfico como elemento de entrada |
Estatuto tributario |
| Subdivisión geográfica |
Colombia |
| 9 (RLIN) |
185526 |
| Subdivisión cronológica |
2025 |
| 650 04 - PUNTO DE ACCESO ADICIONAL DE MATERIA--TÉRMINO DE MATERIA |
| Término de materia o nombre geográfico como elemento de entrada |
Impuestos |
| Subdivisión general |
Legislación |
| 9 (RLIN) |
80389 |
| 650 04 - PUNTO DE ACCESO ADICIONAL DE MATERIA--TÉRMINO DE MATERIA |
| Término de materia o nombre geográfico como elemento de entrada |
Administración tributaria |
| Subdivisión geográfica |
Colombia |
| 9 (RLIN) |
185527 |
| 942 ## - ELEMENTOS DE ENTRADA SECUNDARIOS (KOHA) |
| Tipo de ítem Koha |
Libros |
| Fuente del sistema de clasificación o colocación |
|
| Parte de la signatura que corresponde a la clasificación (Parte de la clasificación) |
344.3 C718 |
| Suprimir en OPAC |
No |